000 00540nmm a2200145Ia 4500
008 251105s9999||||xx |||||||||||||||||und||
020 _a9781611170702
041 _aeng
100 _aStarr, William W.
245 0 _aWhisky, Kilts, and the Loch Ness Monster :
_b Traveling through Scotland with Boswell and Johnson
264 _a[Washington, Estados Unidos] :
_bUniversity of South Carolina Press,
_c[Fecha de publicación no identificada]
300 _a0 pƔginas
856 _uhttps://public.digitaliapublishing.com/a/83368
942 _cCF
999 _c75023
_d75023